000 00331 a2200157 4500
001 154911
040 _cEscola São Tomás de Aquino
100 _aFONSECA, Martha Reis Marques
240 1 0 _aQuímica 1
_lpor
245 1 0 _aQuímica 1
300 _a447
362 0 _a2011
440 1 _aFTD
697 _aQUÍMICA
942 _cBK
999 _c154911
_d154911